000 00706nam a2200253Ia 4500
003 OSt
005 20220918222015.0
006 a|||||r|||| 00| 0
007 ta
008 220917b |||||||| |||| 00| 0 eng d
024 _a214,432
037 _cTextual
040 _aARTS
_cARTS
_beng
041 _2eng
_aeng
082 _aV31:48.K, M5;P1
100 _aGwynn Robin
_9141975
245 0 _aHuguenot heritage
_b The history and contribution of the huguenots in Britain
250 _a2nd
260 _aBrighton
_bSussex academic press
_c2001
300 _axvii, 261 p
_ccm.
650 _aHISTORY
942 _hV31:48.K, M5;P1
_cTEXL
_2CC
999 _c274299
_d274299